Semiconductor detectors for nuclear radiation measurement /

Uloženo v:
Podrobná bibliografie
Hlavní autor: Deme, Sándor (Autor)
Další autoři: Kovács, J. M. (Překladatel)
Médium: Kniha
Jazyk:angličtina
maďarština
Vydáno: Budapest : Akadémiai Kiadó, 1971
Vydání:[1st ed.]
Témata:
On-line přístup: Získat plný text
Tagy: Přidat tag
Žádné tagy, Buďte první, kdo vytvoří štítek k tomuto záznamu!

MARC

LEADER 00000cam a2200000 4500
003 SK-BrCVT
005 20220621162845.0
008 100211s1971 hu e ||||||eng d
035 |a CVTIDW1519584 
040 |b slo  |a CVTI SR  |e AACR2 
041 1 |a eng  |h hun 
044 |a hu 
100 1 |a Deme, Sándor  |4 aut 
245 1 0 |a Semiconductor detectors for nuclear radiation measurement /  |c Sándor Deme ; translated by: J. M. Kovács 
250 |a [1st ed.] 
260 |a Budapest :  |b Akadémiai Kiadó,  |c 1971 
300 |a 319 s. 
653 1 |a nukleárne žiarenie 
653 1 |a polovodičový detektor 
700 1 |a Kovács, J. M.  |4 trl 
910 |b A299167 
974 |f Knihy 
992 |a AMG 
999 |c 152826  |d 152826